000 00993nam a22003610a 4500
001 PT49505
003 AR-LpoUNG
005 20210131231305.0
008 191001s2004||||xxu|||||||||||||||||eng d
020 _a9781403917249
_c$36
040 _aAR-LpoUNG
_bspa
_cAR-LpoUNG
_eaacr
041 _aeng
044 _axxu
082 0 _a425 699con
100 1 _aWillems, Dominique
_eed.
245 1 0 _aContrastive analysis in language :
_bidentifying linguistic units of comparison
250 _a1ra. ed.
260 _aNew York :
_bPalgrave Macmillan,
_c2004.
300 _ax, 278 p. :
_bgráfs., tbls.
650 4 _aANALISIS COMPARATIVO
650 4 _aGRAMATICA
650 4 _aLENGUA INGLESA
650 4 _aLINGUISTICA
650 4 _aSEMANTICA
650 4 _aSINTAXIS
651 4 _aDOCUMENTOS TEORICOS O METODOLOGICOS
653 _aMETALENGUAJE
700 1 _aCollerman, Timothy
_eed.
700 1 _aDefrancq, Bart
_eed.
700 1 _aNoël, Dirk
_eed.
905 _a49505
942 _cLIB
999 _c9182
_d9182